| 000 | 01203cam a2200361La 4500 | ||
|---|---|---|---|
| 001 | 97457 | ||
| 005 | 20230411085847.0 | ||
| 008 | 070214s2006 fr 000 0 fre d | ||
| 035 | _a(OCoLC)ocn611381828 | ||
| 040 |
_aSzZUIDS _bger _cCHVBK |
||
| 020 | _a2247065910 | ||
| 020 | _a9782247065912 | ||
| 029 | 0 |
_aCHVBK _b00499941X |
|
| 035 | _a(OCoLC)611381828 | ||
| 050 | 1 | 4 |
_aR JZ 1161 _bS666d 2006 |
| 082 | 0 | 0 | _a327.03 |
| 049 | _aGRAL | ||
| 100 | 1 | _aSmouts, Marie-Claude. | |
| 245 | 1 | 0 |
_aDictionnaire des relations internationales : _bapproches, concepts, doctrines / _cMarie-Claude Smouts, Dario Battistella, Pascal Vennesson. |
| 250 | _a2a ed. | ||
| 260 |
_aParis : _bDalloz, _c2006. |
||
| 300 |
_axi, 553 p ; _c24 cm. |
||
| 650 | 0 |
_aWorld politics _y20th century _vDictionaries. |
|
| 650 | 0 |
_aInternational relations _vDictionaries. |
|
| 650 | 0 |
_aInternational relations _vDictionaries _xFrench. |
|
| 650 | 6 |
_aRelations internationales _vDictionnaires francais. |
|
| 650 | 6 |
_aPolitique mondiale _vDictionnaires francais. |
|
| 653 |
_aInternational relations _aDictionary |
||
| 700 | 1 | _aBattistella, Dario. | |
| 700 | 1 | _aVennesson, Pascal. | |
| 942 |
_2lcc _cbk |
||
| 994 |
_aC0 _bDRFGD |
||
| 999 |
_c108446 _d108446 |
||